Marvel Rivals Characters - Sudden Death #2 - Statistics

General Stats
  • This quiz has been taken 200 times
    20 since last reset
  • The average score is 11 of 15
Answers on the Grid
Answers color-coded by a green-red scale on the quiz's grid according to % correct below.
Sandman
Dr. Octopus
The Abomination
Sabretooth
Galacta
Ms. Marvel
Cyclops
Silver Surfer
Daredevil
Luke Cage
Ant-Man
She-Hulk
Vision
Elektra
Red Skull
Luna Snow
Squirrel Girl
Mantis
Magik
Psylocke
Winter Soldier
Mister Fantastic
Namor
Green Lantern
Moon Knight
Hawkeye
Loki
Black Panther
Hela
Groot
 
Answer Stats
Answer % Correct
Daredevil
83%
Groot
83%
Hela
83%
Hawkeye
75%
Loki
75%
Mantis
75%
Moon Knight
75%
Psylocke
75%
Winter Soldier
75%
Black Panther
67%
Luna Snow
67%
Magik
67%
Mister Fantastic
67%
Namor
67%
Squirrel Girl
67%
No matching quizzes found
Score Distribution
Percent of People with Each Score
Percentile by Number Answered
Your Score History
You have not taken this quiz since the last reset